000 00953nam a22002537a 4500
008 081114t xxu||||| |||| 00| 0 eng d
010 _aENG-91613
020 _a9788183332927
_c699.00
020 _a8183332927
_c699.00
035 _aEN-75146
037 _bDBAD / PUB
040 _adpl
_bEnglish
082 _a621.38153
100 _aGraf, Rudolf F.
245 _aEncyclopedia of electronic circuits /
_cby Rudolf F. Graf and William Sheets
260 _aNew Delhi
_bBPB Publications
_c2008
270 _aB-14, Connaught Place
_bNew Delhi
_e110001
300 _axi, 1128p.:
_c25cm (pbk)
_bill.
500 _aIncludes index
650 _aElectronic circuits
_xEncyclopedia
700 _aSheets, William
942 _2ddc
_cEN
_mGRA
_h621.38153
999 _c18422
_d18422